Kaiser Konstantin V. (741-775) : materialen zu seinem leben und Nachleben /

Bibliographic Details
Main Author: Rochow, Ilse
Other Authors: Ludwig, Claudia, 1960-, Lilie, Ralph-Johannes
Format: Book
Language:German
Language Notes:English and Greek.
Published: Frankfurt am Main : Peter Lang, 1994.
Series:Berliner byzantinistische Studien ; Bd. 1.
Subjects:

MARC

Tag First Indicator Second Indicator Subfields
LEADER 00000cam a2200000 a 4500
001 in00001237155
005 20151003062330.0
008 950427s1994 gw b 001 0 ger d
020 |a 3631471386 
035 |a (OCoLC)32375727 
035 |9 AGS7442AM 
040 |a OSU  |c OSU  |d UtOrBLW 
049 |a TXAM 
090 |a DF583  |b .R66 1994 
100 1 |a Rochow, Ilse. 
245 1 0 |a Kaiser Konstantin V. (741-775) :  |b materialen zu seinem leben und Nachleben /  |c mit einem prosopographischen Anhang von Claudia Ludwig, Ilse Rochow und Ralph-Johannes Lilie. 
246 3 |a Kaiser Konstantin 5. (741-775) :  |b materialen zu seinem leben und Nachleben 
246 3 |a Kaiser Konstantin Five (741-775) :  |b materialen zu seinem leben und Nachleben 
264 1 |a Frankfurt am Main :  |b Peter Lang,  |c 1994. 
300 |a 253 pages :  |b illustrations ;  |c 18 cm. 
336 |a text  |b txt  |2 rdacontent 
337 |a unmediated  |b n  |2 rdamedia 
338 |a volume  |b nc  |2 rdacarrier 
490 1 |a Berliner Byzantinistische Studien ;  |v Bd. 1 
504 |a Includes bibliographical references and index. 
546 |a English and Greek. 
600 1 0 |a Constantine  |b V Copronymus,  |c Emperor of the East,  |d 718-775. 
650 0 |a Emperors  |x Biography. 
700 1 |a Ludwig, Claudia,  |d 1960- 
700 1 |a Rochow, Ilse. 
700 1 |a Lilie, Ralph-Johannes. 
830 0 |a Berliner byzantinistische Studien ;  |v Bd. 1. 
999 |a MARS 
999 f f |s f144bc50-cfd7-39ee-beb1-a1617e97bc1f  |i 140b1c13-fad1-396c-9573-adbd9e58106c  |t 0 
952 f f |p ric  |a Texas A&M University  |b Rellis Campus  |c Joint Library Facility  |d Remote Storage  |t 0  |e DF583 .R66 1994  |h Library of Congress classification  |i unmediated -- volume  |m A14819527781 
998 f f |a DF583 .R66 1994  |t 0  |l Remote Storage